[Event "Srpska Republic-chT 1st League"]
[Site "Banja Dvorovi"]
[Date "2018.08.10"]
[Round "7.5"]
[White "Micic, Vlado"]
[Black "Perisic, Boris"]
[Result "1-0"]
[WhiteElo "2088"]
[BlackElo "2137"]
[PlyCount "71"]
[EventDate "2018.08.04"]
[EventType "team-tourn"]
[EventRounds "9"]
[EventCountry "BIH"]
[SourceTitle "CBM 186 Extra"]
[Source "ChessBase"]
[SourceDate "2018.08.24"]
[SourceVersion "1"]
[SourceVersionDate "2018.08.24"]
[SourceQuality "1"]
[WhiteTeam "Zvornik Drina"]
[BlackTeam "Bileca Hercegovac"]
[WhiteTeamCountry "BIH"]
[BlackTeamCountry "BIH"]

1. c4 Nf6 2. g3 g6 3. Bg2 Bg7 4. Nc3 0-0 5. h3 c5 6. d3 Nc6 7. Nf3 d6 8. 0-0 h6 9. Be3 e5 10. Qd2 Kh7 11. Ne1 Nd4 12. Rb1 Rb8 13. Qd1 Qe7 14. Bd2 Be6 15. e3 Nc6 16. Kh2 Nd7 17. a3 f5 18. Ne2 Nf6 19. Qc2 d5 20. b3 d4 21. exd4 exd4 22. Ng1 g5 23. b4 f4 24. Nef3 fxg3+ 25. fxg3 Nh5 26. Qd1 Qc7 27. Nxg5+ Kg6 28. Be4+ Bf5 29. Qg4 Qxg3+ 30. Qxg3 Nxg3 31. Kxg3 hxg5 32. Rxf5 Rxf5 33. Nf3 Bh6 34. Kg4 Ne7 35. h4 gxh4 36. Bxh6 1-0

[Event "Srpska Republic-chT 1st League"]
[Site "Banja Dvorovi"]
[Date "2018.08.08"]
[Round "5.5"]
[White "Perisic, Boris"]
[Black "Maric, Bozo"]
[Result "0-1"]
[WhiteElo "2137"]
[BlackElo "2246"]
[PlyCount "36"]
[EventDate "2018.08.04"]
[EventType "team-tourn"]
[EventRounds "9"]
[EventCountry "BIH"]
[SourceTitle "CBM 186 Extra"]
[Source "ChessBase"]
[SourceDate "2018.08.24"]
[SourceVersion "1"]
[SourceVersionDate "2018.08.24"]
[SourceQuality "1"]
[WhiteTeam "Bileca Hercegovac"]
[BlackTeam "Trebinje Leotar"]
[WhiteTeamCountry "BIH"]
[BlackTeamCountry "BIH"]

1. d4 Nf6 2. Nf3 g6 3. g3 Bg7 4. Bg2 0-0 5. 0-0 d6 6. c4 Nc6 7. Nc3 Bf5 8. Re1 a6 9. e4 Bg4 10. Be3 Nd7 11. Qd2 Bxf3 12. Bxf3 e5 13. d5 Nd4 14. Bg2 c5 15. dxc6 bxc6 16. b3 Nc5 17. Rf1 Qa5 18. Rad1 Qxc3 0-1

[Event "Srpska Republic-chT 1st League"]
[Site "Banja Dvorovi"]
[Date "2018.08.05"]
[Round "2.3"]
[White "Radulovic, Drazen"]
[Black "Perisic, Boris"]
[Result "1-0"]
[WhiteElo "2183"]
[BlackElo "2137"]
[PlyCount "66"]
[EventDate "2018.08.04"]
[EventType "team-tourn"]
[EventRounds "9"]
[EventCountry "BIH"]
[SourceTitle "CBM 186 Extra"]
[Source "ChessBase"]
[SourceDate "2018.08.24"]
[SourceVersion "1"]
[SourceVersionDate "2018.08.24"]
[SourceQuality "1"]
[WhiteTeam "Derventa"]
[BlackTeam "Bileca Hercegovac"]
[WhiteTeamCountry "BIH"]
[BlackTeamCountry "BIH"]

1. e4 d6 2. d4 Nf6 3. f3 g6 4. c4 Bg7 5. Nc3 0-0 6. Be3 Nbd7 7. Qd2 c5 8. d5 a6 9. Nge2 Ne5 10. Nc1 e6 11. Be2 exd5 12. exd5 Re8 13. 0-0 h5 14. Bg5 Qc7 15. Re1 Nh7 16. Bh4 Rb8 17. Bf1 Bd7 18. a4 Qa5 19. Ra3 g5 20. Bf2 f5 21. Qc2 Qd8 22. a5 Qf6 23. Nd1 f4 24. Nd3 Bf5 25. Qc3 Qg6 26. Nxe5 Bxe5 27. Qd2 g4 28. fxg4 hxg4 29. Bd3 g3 30. hxg3 fxg3 31. Bxf5 gxf2+ 32. Qxf2 Qh6 33. Rh3 Bd4 1-0

[Event "BIH-chT Seniors"]
[Site "Mosko"]
[Date "2015.08.16"]
[Round "7"]
[White "Perisic, Boris"]
[Black "Bakic, Aleksandar"]
[Result "1/2-1/2"]
[WhiteElo "2130"]
[BlackElo "1920"]
[PlyCount "71"]
[EventDate "2015.08.10"]
[EventType "team-tourn"]
[EventRounds "9"]
[EventCountry "BIH"]
[SourceTitle "EXT 2016"]
[Source "ChessBase"]
[SourceDate "2015.10.08"]
[SourceVersion "1"]
[SourceVersionDate "2015.10.08"]
[SourceQuality "1"]

1. Nf3 Nf6 2. g3 g6 3. Bg2 Bg7 4. 0-0 0-0 5. d4 d5 6. c4 c6 7. Nc3 dxc4 8. Ne5 Nbd7 9. Nxc4 Nb6 10. Ne5 Be6 11. e4 Nfd7 12. f4 Nxe5 13. fxe5 Bc4 14. Rf2 c5 15. Be3 cxd4 16. Bxd4 Qb8 17. b3 Be6 18. Nd5 Bxd5 19. exd5 Bxe5 20. Re2 Bxd4+ 21. Qxd4 Qd6 22. Rd1 Rad8 23. Red2 a6 24. h4 Nd7 25. Kh2 Nf6 26. Bf3 Rc8 27. Kg2 Rc7 28. g4 Nd7 29. Re1 Rfc8 30. Ree2 Nf8 31. g5 Rd8 32. Qe3 Qb4 33. Rd4 Qd6 34. Rdd2 Qb4 35. Rd4 Qd6 36. Rdd2 1/2-1/2

[Event "BIH-chT Seniors"]
[Site "Mosko"]
[Date "2015.08.14"]
[Round "5"]
[White "Perisic, Boris"]
[Black "Kalem, Igor"]
[Result "1-0"]
[WhiteElo "2130"]
[BlackElo "1811"]
[PlyCount "80"]
[EventDate "2015.08.10"]
[EventType "team-tourn"]
[EventRounds "9"]
[EventCountry "BIH"]
[SourceTitle "EXT 2016"]
[Source "ChessBase"]
[SourceDate "2015.10.08"]
[SourceVersion "1"]
[SourceVersionDate "2015.10.08"]
[SourceQuality "1"]

1. Nf3 Nf6 2. g3 d5 3. d4 Bf5 4. Bg2 e6 5. 0-0 Bd6 6. c4 c6 7. Nc3 h6 8. Re1 Ne4 9. Nd2 Nxc3 10. bxc3 0-0 11. e4 dxe4 12. Nxe4 Be7 13. c5 b5 14. Bf4 a5 15. Nd6 Bxd6 16. Bxd6 Qd7 17. Bxf8 Kxf8 18. a3 Na6 19. Qf3 Rc8 20. h4 Bc2 21. g4 Qe7 22. Qg3 Bb3 23. f4 g5 24. hxg5 hxg5 25. f5 Kg7 26. fxe6 Bxe6 27. Re2 Nb8 28. Rd1 Nd7 29. Qe3 Qd8 30. Rf2 Bc4 31. Re1 Be6 32. Qg3 Qc7 33. Qe3 Qd8 34. Bf3 Nf8 35. Rh2 Ng6 36. Rh5 Bd5 37. Bxd5 Qxd5 38. Rxg5 Qa2 39. Qe5+ Kg8 40. Qf6 Qc2 1-0

[Event "BIH-chT Seniors"]
[Site "Mosko"]
[Date "2015.08.13"]
[Round "4"]
[White "Savic, Petar A"]
[Black "Perisic, Boris"]
[Result "1/2-1/2"]
[WhiteElo "2114"]
[BlackElo "2130"]
[PlyCount "154"]
[EventDate "2015.08.10"]
[EventType "team-tourn"]
[EventRounds "9"]
[EventCountry "BIH"]
[SourceTitle "EXT 2016"]
[Source "ChessBase"]
[SourceDate "2015.10.08"]
[SourceVersion "1"]
[SourceVersionDate "2015.10.08"]
[SourceQuality "1"]

1. e4 d6 2. d4 Nf6 3. Nc3 g6 4. Nf3 Bg7 5. Be3 0-0 6. h3 c5 7. d5 a6 8. a4 Qb6 9. Rb1 Qb4 10. Nd2 Bd7 11. Be2 Bxa4 12. Na2 Qa5 13. b4 cxb4 14. Nc4 Qc7 15. Bb6 Qc8 16. Rxb4 Bb5 17. Nc3 Nbd7 18. Bd4 Bxc4 19. Rxc4 Qd8 20. 0-0 Rc8 21. Rb4 b5 22. Qa1 Nc5 23. Bf3 e5 24. dxe6 Nxe6 25. e5 Nxd4 26. Rxd4 Ne8 27. Re1 Qb6 28. Nd5 Qa7 29. Rd2 dxe5 30. Qa3 Rc5 31. Nb4 a5 32. Nd3 Rc7 33. Nxe5 b4 34. Qa4 Nf6 35. Nc6 Qb6 36. Re5 Ne4 37. Bxe4 Bxe5 38. Nxe5 b3 39. cxb3 Rc1+ 40. Kh2 Qf6 41. Nd3 Rc3 42. f4 Rd8 43. Kh1 Qd4 44. Qxa5 Rxb3 45. Kh2 f5 46. Qa2 fxe4 47. Qxb3+ Qd5 48. Qxd5+ Rxd5 49. Kg1 exd3 50. Kf2 Kg7 51. Ke3 g5 52. Rxd3 gxf4+ 53. Ke4 Rg5 54. Rd2 Ra5 55. Kxf4 Ra4+ 56. Kf3 Ra3+ 57. Kg4 Ra4+ 58. Kh5 Ra5+ 59. Kh4 Ra4+ 60. g4 Ra7 61. Rd5 Rb7 62. Kh5 Ra7 63. h4 Rb7 64. Kg5 Ra7 65. Kf5 Rf7+ 66. Ke6 Rf6+ 67. Ke5 Rf7 68. g5 Ra7 69. h5 Rb7 70. Ke6 Rb6+ 71. Rd6 Rb1 72. Rd7+ Kg8 73. Rd8+ Kg7 74. h6+ Kg6 75. Rg8+ Kh5 76. Rg7 Rg1 77. Kf6 Rc1 1/2-1/2

[Event "BIH-chT Seniors"]
[Site "Mosko"]
[Date "2015.08.12"]
[Round "3"]
[White "Perisic, Boris"]
[Black "Ilic, Slobodan S"]
[Result "1-0"]
[WhiteElo "2130"]
[BlackElo "2193"]
[PlyCount "83"]
[EventDate "2015.08.10"]
[EventType "team-tourn"]
[EventRounds "9"]
[EventCountry "BIH"]
[SourceTitle "EXT 2016"]
[Source "ChessBase"]
[SourceDate "2015.10.08"]
[SourceVersion "1"]
[SourceVersionDate "2015.10.08"]
[SourceQuality "1"]

1. Nf3 d5 2. d4 Nf6 3. g3 g6 4. Bg2 Bg7 5. 0-0 0-0 6. c4 c6 7. Nc3 Qb6 8. b3 Bf5 9. Ne5 Rd8 10. Ba3 dxc4 11. Bc5 Qa5 12. Bxe7 Re8 13. b4 Qa3 14. Nxc4 Qa6 15. Bxf6 Qxc4 16. Bxg7 Kxg7 17. Qd2 Qxb4 18. e4 Bc8 19. Rab1 Qd6 20. e5 Qe7 21. Rb2 Nd7 22. Ne4 Nb6 23. Nd6 Rd8 24. Qb4 Qe6 25. f4 Nd5 26. f5 gxf5 27. Nxf5+ Qxf5 28. Bxd5 Qg5 29. Rxf7+ Kh8 30. Bg2 Be6 31. Rf4 Rab8 32. Rbf2 Kg8 33. Qd2 Qg7 34. Rf6 Bd5 35. R2f5 Kh8 36. Bxd5 Rxd5 37. Rg5 Rxd4 38. Qxd4 Qxg5 39. e6 Kg8 40. e7 Re8 41. Qc4+ Qd5 42. Qg4+ 1-0